Pablo Picasso (Record no. 630)

MARC details
000 - LÍDER
campo de control de longitud fija 00763nam a2200205Ia 4500
008 - ELEMENTOS DE DATOS DE LONGITUD FIJA - INFORMACIÓN GENERAL
campo de control de longitud fija 0000001994 cn az 0000000000eng00
020 ## - INTERNATIONAL STANDARD BOOK NUMBER
International Standard Book Number 821222392
090 ## - NÚMERO DE LLAMADA DE TIPO LC LOCALMENTE ASIGNADO (OCLC)
Número de clasificación (OCLC) (R) PSP00 P31p
100 1# - ENTRADA PRINCIPAL - NOMBRE PERSONAL
Nombre de la persona Picasso, Pablo
Fechas asociadas a un nombre 1881
245 10 - TÍTULO DECLARACIÓN
Título Pablo Picasso
Resto del título : landscapes 1890-1912, from the academy to the Avantgarde
Declaración de responsabilidad / under the direction of María Teresa Ocaña
260 ## - PUBLICACIÓN, DISTRIBUCIÓN
Lugar de publicación London : A Bulfinch Press Book
Fecha de publicación 1994
300 ## - DESCRIPCIÓN FÍSICA
Alcance 342 p.
Dimensiones / 29 cm.
500 ## - NOTA GENERAL
Nota general Con el patronazgo del maestro venezolano Jesús Rafael Soto (q.e.p.d.)
600 00 - ENTRADA DE SUJETO AÑADIDO - NOMBRE PERSONAL
Nombre de la persona PICASSO, PABLO, 18811973/
Subdivisión general TRABAJOS PICTORICOS
650 14 - ENTRADA DE SUJETO AÑADIDO - TÉRMINO TÓPICO
Término tópico o elemento de entrada del nombre geográfico PINTURA ESPAÑOLA
650 14 - ENTRADA DE SUJETO AÑADIDO - TÉRMINO TÓPICO
Subdivisión general CATALOGOS
650 14 - ENTRADA DE SUJETO AÑADIDO - TÉRMINO TÓPICO
Término tópico o elemento de entrada del nombre geográfico PINTORES ESPAÑOLES
650 14 - ENTRADA DE SUJETO AÑADIDO - TÉRMINO TÓPICO
Término tópico o elemento de entrada del nombre geográfico PINTURA DE PAISAJES
700 1# - ENTRADA AGREGADA - NOMBRE PERSONAL
Nombre de la persona Ocaña, María Teresa
Holdings
Estado de retirada Pérdida de estatus Estado dañado No para préstamo Código de recogida Ubicación permanente Ubicación actual Ubicación de las estanterías Fecha de adquisición Número de llamada completo Código de barras Fecha de la última vez que se vio Número de copia Precio efectivo desde Tipo de artículo Koha
        General ArtNexus ArtNexus General 06/09/2022 P-SP-00 P31P 630 06/09/2022 Ej.1 06/09/2022 Libro

Powered by Koha